000 00827nam a2200217Ia 4500
003 OSt
005 20250702125944.0
008 191128s1988 ck gr 000 p spa d
040 _aCO-JMCR
_cCO-JMCR
041 _aspa
082 0 4 _aA-P
_bSILc
100 1 _aSilva García, Juan Manuel,
_eautor
_99485
245 0 _aCorazones de tierra /
_cJuan Manuel Silva Garcia
250 _a1a. edición
260 _aBogotá :
_bBoca Nada Edicicones,
_c ©1988
300 _a97 páginas ;
_c22 cm.
500 _aIncluye datos biográficos del autor en solapa frontal.
505 _aCorazones de tierra -- Ojos de Bruma -- En la tierra -- El suicida -- El salto -- Y los caros juegos del escéptico -- Ante las muertes súbitas -- La invasión -- Enloqiuecer de amor oscuro -- Anarquista
650 1 4 _aPoesía
_99486
942 _2ddc
_cBK
999 _c3915
_d3915